[Event "Ì13Â"]
[Site "Loo"]
[Date "2017.04.26"]
[Round "7.22"]
[White "Ïàíüêîâ, Äàíèèë."]
[Black "Òðîôèìîâ, Èâàí."]
[Result "1/2-1/2"]
[WhiteElo "1764"]
[BlackElo "1826"]
[PlyCount "91"]
[EventDate "2017.04.20"]

1. e4 c5 2. Nc3 Nc6 3. Bb5 g6 4. Bxc6 bxc6 5. d3 Bg7 6. f4 d6 7. Nf3 Nh6 8. O-O
O-O 9. Qe1 f6 10. Bd2 Nf7 11. Qf2 Rb8 12. b3 f5 13. Rae1 e5 14. fxe5 Nxe5 15.
Nxe5 Bxe5 16. Kh1 Bd7 17. Nd1 fxe4 18. Qxf8+ Qxf8 19. Rxf8+ Rxf8 20. dxe4 Be6
21. Kg1 Bd4+ 22. Be3 Bxe3+ 23. Nxe3 Rf4 24. Nd1 Kg7 25. Nf2 c4 26. Rd1 cxb3 27.
axb3 d5 28. exd5 Bxd5 29. Nd3 Rf7 30. Nb4 Be4 31. Rd6 c5 32. Nd3 Rc7 33. Nf4
Kf7 34. Nd5 Rb7 35. Ne3 Ke7 36. Rd2 Rd7 37. Re2 Kd8 38. Nc4 Bf5 39. Ne3 Be6 40.
Kf2 Kc7 41. Ke1 Kc6 42. Rd2 Rxd2 43. Kxd2 Kb5 44. Kc3 a5 45. g3 h6 46. h4
1/2-1/2

[Event "Ì13Â"]
[Site "Loo"]
[Date "2017.04.26"]
[Round "7.24"]
[White "Ñìèðíîâ, Ñàâåëèé."]
[Black "Ñìèðíîâ, Ìàðê."]
[Result "0-1"]
[WhiteElo "1532"]
[BlackElo "1786"]
[PlyCount "54"]
[EventDate "2017.04.20"]

1. e4 c5 2. Nf3 d6 3. d4 cxd4 4. Nxd4 Nf6 5. Nc3 g6 6. f3 Bg7 7. Be3 O-O 8. Qd2
Nc6 9. O-O-O Nxd4 10. Bxd4 Be6 11. Kb1 Nd7 12. Bxg7 Kxg7 13. Qd4+ f6 14. h4 Qb6
15. Qd2 Rac8 16. h5 g5 17. f4 gxf4 18. Nd5 Bxd5 19. exd5 Qe3 20. Qb4 Qc5 21.
Qe4 Ne5 22. Bd3 Nxd3 23. Qxd3 Kh8 24. Rde1 Rc7 25. Re2 Rfc8 26. Rhe1 b5 27.
Rxe7 Rxe7 0-1

[Event "Ì13Â"]
[Site "Loo"]
[Date "2017.04.26"]
[Round "7.25"]
[White "Äìèòðèåâ, Èâàí."]
[Black "Êîçóáîâ, Ìèõàèë."]
[Result "1/2-1/2"]
[WhiteElo "1666"]
[BlackElo "1732"]
[PlyCount "110"]
[EventDate "2017.04.20"]

1. e4 e6 2. f4 d5 3. e5 c5 4. Nf3 Nc6 5. d3 Qb6 6. g3 Nge7 7. Bg2 Nf5 8. g4
Nfd4 9. c3 Nxf3+ 10. Bxf3 Bd7 11. Qe2 Be7 12. Be3 Bh4+ 13. Bf2 Bxf2+ 14. Qxf2
d4 15. c4 Nb4 16. Qe2 Qa5 17. O-O Qc7 18. a3 Nc6 19. Nd2 O-O 20. Ne4 Ne7 21.
Rae1 Rab8 22. Rc1 Bc6 23. b4 Bxe4 24. Qxe4 b6 25. b5 Ng6 26. Bg2 Rbe8 27. Qb7
Qxb7 28. Bxb7 f5 29. g5 Re7 30. Bc6 h6 31. gxh6 gxh6 32. Rc2 Nh4 33. Rff2 Rg7+
34. Bg2 Kf7 35. h3 Rg3 36. Rcd2 Rfg8 37. Kh2 Re3 38. Rfe2 Reg3 39. Rf2 Re3 40.
Rfe2 Nxg2 41. Rxg2 Rf3 42. Rgf2 Rgg3 43. Rxf3 Rxf3 44. a4 Rxf4 45. Kg2 Rh4 46.
a5 Rh5 47. axb6 Rg5+ 48. Kf3 axb6 49. Ra2 Rh5 50. Kg3 Rg5+ 51. Kf3 Rh5 52. Kg3
Rg5+ 53. Kf3 Rh5 54. Kg3 Rg5+ 55. Kf3 Rh5 1/2-1/2

[Event "Ì13Â"]
[Site "Loo"]
[Date "2017.04.26"]
[Round "7.26"]
[White "Áîéêî, Àëåêñàíäð."]
[Black "Òåðçÿí, Íàçàð."]
[Result "0-1"]
[WhiteElo "1586"]
[BlackElo "1715"]
[PlyCount "60"]
[EventDate "2017.04.20"]

1. e4 c5 2. Nc3 e6 3. g3 d5 4. exd5 exd5 5. Qe2+ Be7 6. Bg2 Nf6 7. d3 O-O 8.
Nf3 Nc6 9. O-O Bg4 10. Bg5 Nd4 11. Qd1 h6 12. Be3 Nxf3+ 13. Bxf3 Bxf3 14. Qxf3
d4 15. Bxh6 dxc3 16. Be3 Qd5 17. Qxd5 Nxd5 18. bxc3 Nxe3 19. fxe3 Bf6 20. d4
Rac8 21. Rac1 Rfe8 22. Kf2 cxd4 23. cxd4 Rc3 24. Rfe1 Bg5 25. Kf1 Rexe3 26.
Rxe3 Bxe3 27. Rd1 Rxc2 28. d5 Bb6 29. d6 Rxh2 30. d7 Bd8 0-1

[Event "Ä15Ï"]
[Site "Loo"]
[Date "2017.04.26"]
[Round "7.1"]
[White "Øóáèíà, Åêàòåðèíà."]
[Black "Ìîèñååâà, Îëåñÿ."]
[Result "0-1"]
[WhiteElo "1692"]
[BlackElo "1695"]
[PlyCount "112"]
[EventDate "2017.04.20"]

1. Nf3 d5 2. d4 Nf6 3. Bf4 g6 4. e3 Bg7 5. Bd3 c5 6. c4 O-O 7. O-O Nc6 8. Nc3
cxd4 9. exd4 Bg4 10. Be5 dxc4 11. Bxc4 Bxf3 12. Qxf3 Qb6 13. Nd5 Nxd5 14. Bxg7
Kxg7 15. Bxd5 Qxd4 16. Bxc6 bxc6 17. b3 Qf6 18. Qxf6+ Kxf6 19. Rac1 Rac8 20.
Rc4 Rfd8 21. Rfc1 Rd2 22. Rxc6+ Rxc6 23. Rxc6+ e6 24. g3 Rxa2 25. b4 h5 26. h4
g5 27. hxg5+ Kxg5 28. Rc8 Ra4 29. Ra8 a6 30. Rb8 e5 31. b5 axb5 32. Rxb5 Kf6
33. Rb6+ Kf5 34. Kg2 Ra2 35. Rb3 Kg4 36. Rb4+ Kg5 37. Rb8 e4 38. Rb5+ f5 39.
Rb3 h4 40. gxh4+ Kxh4 41. Rh3+ Kg5 42. Rg3+ Kf6 43. Rb3 f4 44. Rb4 Kf5 45. Rb8
e3 46. Rf8+ Ke4 47. Re8+ Kd3 48. Rd8+ Ke2 49. Rf8 Ke1 50. Rb8 Rxf2+ 51. Kg1 Rd2
52. Rb1+ Rd1 53. Rb3 Ke2+ 54. Kg2 f3+ 55. Kg3 f2 56. Rb2+ Ke1 0-1

[Event "Ä15Ï"]
[Site "Loo"]
[Date "2017.04.26"]
[Round "7.3"]
[White "Ëûñåíêî, Îëåñÿ."]
[Black "ßêóøèíà, Åêàòåðèíà."]
[Result "1-0"]
[WhiteElo "1500"]
[BlackElo "1744"]
[PlyCount "73"]
[EventDate "2017.04.20"]

1. e4 e6 2. d4 d5 3. e5 c5 4. c3 Nc6 5. Nf3 Bd7 6. a3 f6 7. exf6 Nxf6 8. Be2
Bd6 9. b4 cxd4 10. cxd4 O-O 11. O-O Ne4 12. Bb2 Rf6 13. Nbd2 Rh6 14. h3 Nxd2
15. Qxd2 Qf6 16. Bd3 Rf8 17. Qe2 Qd8 18. Bc1 Bf4 19. Be3 Qc8 20. Ne5 Qd8 21.
Ng4 Bxe3 22. fxe3 Rxf1+ 23. Rxf1 Rh4 24. Qf3 Qe7 25. g3 Rxg4 26. Qxg4 e5 27.
Bf5 Bxf5 28. Qxf5 exd4 29. exd4 g6 30. Qxd5+ Kg7 31. Kg2 a5 32. bxa5 Qxa3 33.
Qf7+ Kh6 34. d5 Nxa5 35. Qf4+ Kg7 36. d6 Nc6 37. Qf8# 1-0

[Event "Ä15Ï"]
[Site "Loo"]
[Date "2017.04.26"]
[Round "7.4"]
[White "Øàìñóòäèíîâà, Êàðèíà."]
[Black "Êîìáàð, Ìàðèÿ."]
[Result "0-1"]
[WhiteElo "1617"]
[BlackElo "1528"]
[PlyCount "76"]
[EventDate "2017.04.20"]

1. d4 e6 2. c4 f5 3. Nc3 Nf6 4. e3 d5 5. Bd3 c6 6. Nge2 Bd6 7. Qc2 g6 8. f3 O-O
9. Bd2 Bd7 10. O-O-O Kg7 11. e4 fxe4 12. fxe4 Ng4 13. e5 Be7 14. Rdf1 Nf2 15.
Rhg1 Nxd3+ 16. Qxd3 Bg5 17. cxd5 Bxd2+ 18. Qxd2 cxd5 19. Ng3 Nc6 20. Rxf8 Qxf8
21. Rf1 Qe7 22. Rf6 Rf8 23. Qg5 Kh8 24. Nge2 Rxf6 25. exf6 Qf8 26. Nf4 Nxd4 27.
Qe5 Nc6 28. Qg5 a6 29. Qh4 Kg8 30. Nh3 h6 31. Qf4 e5 32. Qf3 e4 33. Qf4 Bxh3
34. gxh3 Nb4 35. Qf1 Kf7 36. a3 Nd3+ 37. Kc2 Qd6 38. Qe2 Qxf6 0-1

[Event "Ä15Ï"]
[Site "Loo"]
[Date "2017.04.26"]
[Round "7.5"]
[White "Êðåíäÿñåâà, Âàëåðèÿ."]
[Black "Òóêàåâà, Àèäà."]
[Result "1-0"]
[WhiteElo "1670"]
[BlackElo "1852"]
[PlyCount "79"]
[EventDate "2017.04.20"]

1. e4 d6 2. d4 Nf6 3. Nc3 c6 4. f4 Qa5 5. e5 Ne4 6. Bd2 Nxd2 7. Qxd2 Bf5 8. Nf3
e6 9. Nh4 Bg6 10. Nxg6 hxg6 11. O-O-O d5 12. g4 Nd7 13. Be2 b5 14. a3 b4 15.
Nb1 Rb8 16. h4 Qb6 17. axb4 Bxb4 18. c3 Be7 19. Rh3 a5 20. Qc2 a4 21. h5 a3 22.
bxa3 c5 23. dxc5 Nxc5 24. Rdh1 Nb3+ 25. Kd1 gxh5 26. gxh5 Kf8 27. Bd3 Nc5 28.
Ke2 Rh6 29. Rg3 Nxd3 30. Qxd3 Qb2+ 31. Nd2 Qxa3 32. Rhg1 Bc5 33. R1g2 Rxh5 34.
Rxg7 Rh8 35. f5 Rb6 36. f6 Qa6 37. c4 Qb7 38. Qh3 Ke8 39. Qxh8+ Bf8 40. Qxf8+
1-0

[Event "Ä15Ï"]
[Site "Loo"]
[Date "2017.04.26"]
[Round "7.6"]
[White "Ñåëåçíåâà, Åêàòåðèíà."]
[Black "Ïàêååâà, Íàìëàíà."]
[Result "1-0"]
[WhiteElo "1845"]
[BlackElo "1630"]
[PlyCount "55"]
[EventDate "2017.04.20"]

1. e4 c5 2. Nf3 Nc6 3. Bb5 g6 4. Bxc6 bxc6 5. O-O Bg7 6. Re1 Nf6 7. e5 Nd5 8.
c4 Nc7 9. d4 cxd4 10. Qxd4 O-O 11. Qh4 Re8 12. Nc3 d6 13. Bh6 Bh8 14. Rad1 d5
15. Ne4 Bf5 16. Ng3 Be6 17. Nd4 Qd7 18. c5 Rab8 19. f4 Nb5 20. Nxe6 fxe6 21.
Ne4 d4 22. Rd3 a5 23. Ng5 Qd5 24. Qg4 Bg7 25. Rh3 Nc7 26. Bxg7 h5 27. Rxh5 Kxg7
28. Rh7+ 1-0

[Event "Ä15Ï"]
[Site "Loo"]
[Date "2017.04.26"]
[Round "7.7"]
[White "Êîðîáèöûíà, Îëåñÿ."]
[Black "Òëåöåðè, Äæóëüåòòà."]
[Result "1-0"]
[WhiteElo "1769"]
[BlackElo "1575"]
[PlyCount "65"]
[EventDate "2017.04.20"]

1. d4 Nf6 2. Nf3 g6 3. c4 Bg7 4. Nc3 d6 5. e4 O-O 6. Be2 e5 7. O-O exd4 8. Nxd4
Re8 9. f3 c6 10. Be3 d5 11. cxd5 Nxd5 12. Nxd5 cxd5 13. Bd3 Kh8 14. Bf2 Qb6 15.
Nb5 d4 16. Bg3 Na6 17. Nd6 Re7 18. Nc4 Qb5 19. Bd6 Re8 20. Ne5 Qxb2 21. Rb1 Qc3
22. Rc1 Qa5 23. Nxf7+ Kg8 24. Bc4 Be6 25. Qb3 Kxf7 26. Bxe6+ Rxe6 27. Qxb7+ Kf6
28. e5+ Kg5 29. Qxa8 Bxe5 30. f4+ Bxf4 31. Bxf4+ Kh5 32. Qf3+ Kh4 33. Qh3# 1-0

[Event "Ä15Ï"]
[Site "Loo"]
[Date "2017.04.26"]
[Round "7.8"]
[White "Ëûñîêîíü, Ïîëèíà."]
[Black "Ñòðóêîâà, Êñåíèÿ."]
[Result "0-1"]
[WhiteElo "1610"]
[BlackElo "1762"]
[PlyCount "158"]
[EventDate "2017.04.20"]

1. d4 Nf6 2. c4 d6 3. Nc3 e5 4. d5 g6 5. e4 Bg7 6. Bd3 Nbd7 7. Nge2 Nc5 8. Bc2
a5 9. Be3 b6 10. h3 Nh5 11. Qd2 f5 12. exf5 gxf5 13. Bh6 Qf6 14. Bxg7 Nxg7 15.
O-O-O Bd7 16. f4 O-O-O 17. a3 Rde8 18. Rde1 Nh5 19. Rhf1 e4 20. Nd1 Re7 21. Ne3
Rhe8 22. g4 Ng7 23. Nd4 Nd3+ 24. Bxd3 Qxd4 25. Be2 Qf6 26. g5 Qf7 27. b4 axb4
28. axb4 c6 29. Qa2 Kb7 30. Qb2 cxd5 31. Nxd5 Be6 32. Nxe7 Rxe7 33. Qd4 Bxc4
34. Bxc4 Rc7 35. Kb2 Qxc4 36. Qxc4 Rxc4 37. Kb3 d5 38. Rd1 Kc6 39. Rf2 Ne6 40.
h4 Nd4+ 41. Ka2 Rxb4 42. h5 Nb5 43. Rc1+ Kd7 44. Rb2 Ra4+ 45. Kb3 Ra8 46. Ra2
Nd4+ 47. Kb2 Rxa2+ 48. Kxa2 Ne2 49. Rf1 Ke6 50. h6 Kf7 51. Kb3 d4 52. Kc4 d3
53. Kb3 b5 54. Ra1 Nd4+ 55. Kc3 Nc6 56. Kd2 b4 57. Ra6 Ne7 58. Rf6+ Kg8 59. Rd6
Ng6 60. Ke3 Ne7 61. Rd4 b3 62. Rd8+ Kf7 63. Kd2 b2 64. Rb8 Nd5 65. Rxb2 Nxf4
66. Ke3 Nd5+ 67. Kd4 Ne7 68. Rd2 Kg6 69. Ke5 Nc6+ 70. Kf4 Nd4 71. Rg2 Nf3 72.
Ra2 d2 73. Ra1 Ne1 74. Rd1 Ng2+ 75. Kg3 Ne3 76. Ra1 d1=Q 77. Ra6+ Kh5 78. g6
Qf3+ 79. Kh2 Qg2# 0-1

[Event "Ä15Ï"]
[Site "Loo"]
[Date "2017.04.26"]
[Round "7.9"]
[White "Ïè÷íåíêî, Íèíà."]
[Black "Ñàôðîíîâà, Àëåêñàíäðà."]
[Result "0-1"]
[WhiteElo "1507"]
[BlackElo "1749"]
[PlyCount "100"]
[EventDate "2017.04.20"]

1. e4 c5 2. Nc3 Nc6 3. g3 g6 4. Bg2 Bg7 5. d3 e6 6. Be3 d6 7. Qd2 Nge7 8. Bh6
O-O 9. Bxg7 Kxg7 10. Nge2 Nd4 11. Nxd4 cxd4 12. Nb5 Nc6 13. c3 e5 14. O-O a6
15. Na3 Be6 16. f4 f6 17. f5 Bf7 18. g4 g5 19. Kh1 h5 20. Bf3 hxg4 21. Bxg4 Rh8
22. Kg2 Rh4 23. Qe2 dxc3 24. bxc3 b5 25. Nc2 Qa5 26. c4 Rah8 27. h3 bxc4 28.
dxc4 Qa4 29. Ne3 Nd4 30. Qd1 Qa3 31. Qd2 Qa4 32. Rab1 Qc6 33. Qd3 Bh5 34. Rh1
Bf7 35. Nd5 Qa4 36. Rb2 Qa5 37. Rhb1 Rc8 38. a3 Qc5 39. Rc1 Rhh8 40. Rb7 Rb8
41. Rcb1 Rxb7 42. Rxb7 Qc6 43. Rc7 Qa4 44. Bd1 Qa5 45. Rb7 Rh4 46. Nb6 Rf4 47.
Bh5 Qe1 48. Rxf7+ Kh6 49. Be2 Rf2+ 50. Kg3 Qg1# 0-1

[Event "Ä15Ï"]
[Site "Loo"]
[Date "2017.04.26"]
[Round "7.10"]
[White "Ëàðèíà, Òàòüÿíà."]
[Black "Ëîñü, ßíà."]
[Result "1-0"]
[WhiteElo "1738"]
[BlackElo "1609"]
[PlyCount "147"]
[EventDate "2017.04.20"]

1. d4 Nf6 2. c4 c5 3. d5 e6 4. Nc3 exd5 5. cxd5 d6 6. e4 g6 7. Nge2 Bg7 8. Ng3
a6 9. a4 O-O 10. Be2 Nbd7 11. O-O Re8 12. Bg5 Qc7 13. Qd2 c4 14. h3 Rb8 15. f4
b5 16. axb5 axb5 17. e5 b4 18. Nce4 Nxe4 19. Nxe4 dxe5 20. Rac1 Ba6 21. f5 Qb6+
22. Be3 Bh6 23. Bxb6 Bxd2 24. Nxd2 Nxb6 25. fxg6 hxg6 26. Rf6 Kg7 27. Rc6 c3
28. Bxa6 cxd2 29. Rd1 Nxd5 30. Rxd2 Nf4 31. Kf2 Re7 32. Bf1 e4 33. Ke3 Ne6 34.
Bc4 Nf8 35. Rd4 f5 36. g4 Re5 37. Rc7+ Kf6 38. gxf5 gxf5 39. Rf7+ Kg5 40. h4+
Kg6 41. Rd6+ Ne6 42. Re7 f4+ 43. Kd2 e3+ 44. Ke2 Kh5 45. Rexe6 Rxe6 46. Rxe6
Kg4 47. Rg6+ Kf5 48. Rg5+ Kf6 49. Bd3 Ra8 50. Rf5+ Kg7 51. Rxf4 Rb8 52. Rf5 Rh8
53. h5 Kh6 54. Kxe3 Rb8 55. Rb5 Rd8 56. Rxb4 Kxh5 57. Rd4 Re8+ 58. Re4 Rb8 59.
b4 Kg5 60. b5 Kf6 61. Kd4 Rc8 62. Re2 Rd8+ 63. Kc4 Rd6 64. Bc2 Rd8 65. b6 Rb8
66. Kb5 Kg5 67. Kc6 Rf8 68. b7 Rf6+ 69. Kc5 Rf8 70. Rg2+ Kh4 71. Kb6 Rf6+ 72.
Ka7 Rf7 73. Ka8 Rf8+ 74. b8=Q 1-0

[Event "Ä15Ï"]
[Site "Loo"]
[Date "2017.04.26"]
[Round "7.11"]
[White "Ñëåñàðåâà, Ìèðàñëàâà."]
[Black "Êèñåëåâà, Åëèçàâåòà."]
[Result "1-0"]
[WhiteElo "1725"]
[BlackElo "1499"]
[PlyCount "79"]
[EventDate "2017.04.20"]

1. e4 c5 2. c3 Nf6 3. e5 Nd5 4. Nf3 Nc6 5. d4 e6 6. Bc4 Nb6 7. Bb5 cxd4 8. cxd4
a6 9. Bxc6 bxc6 10. O-O Be7 11. Nc3 Bb7 12. Bf4 O-O 13. Rc1 f6 14. exf6 Bxf6
15. Bg3 Rc8 16. Ne4 Nd5 17. Nc5 Ba8 18. Nxa6 Qb6 19. Nc5 Rfd8 20. b3 Nb4 21. a3
Na6 22. b4 Nxc5 23. dxc5 Qa7 24. Qb3 Bb7 25. Be5 Rf8 26. Rfd1 Ba6 27. Rd2 Ra8
28. a4 Bc8 29. a5 Bxe5 30. Nxe5 Rb8 31. Qc3 Qb7 32. Rd4 Qc7 33. Rg4 Rf5 34. Nc4
e5 35. Nd6 Rh5 36. Re1 Qd8 37. Rxe5 Rxe5 38. Qxe5 Qf8 39. Rf4 Qd8 40. Rf7 1-0

[Event "Ä15Ï"]
[Site "Loo"]
[Date "2017.04.26"]
[Round "7.12"]
[White "Êîçûðåâà, Ìàðèíà."]
[Black "Íàñûáóëëèíà, Äàÿíà."]
[Result "0-1"]
[WhiteElo "1598"]
[BlackElo "1786"]
[PlyCount "74"]
[EventDate "2017.04.20"]

1. d4 d6 2. c4 e5 3. dxe5 dxe5 4. Qxd8+ Kxd8 5. Nc3 c6 6. Bg5+ Kc7 7. O-O-O f6
8. Bd2 Be6 9. e4 Nd7 10. f4 Bd6 11. f5 Bf7 12. Be3 Ne7 13. Nf3 b6 14. Be2 Rhd8
15. g4 Bb4 16. Kc2 Bxc3 17. Kxc3 c5 18. g5 Nc6 19. b3 Nd4 20. Bxd4 cxd4+ 21.
Kc2 Nc5 22. gxf6 gxf6 23. Bd3 Bh5 24. Rdf1 Rg8 25. Nd2 Rg2 26. b4 Nxd3 27. Kxd3
Be2+ 28. Kc2 Bxf1 29. Rxf1 d3+ 30. Kc3 Rxh2 31. Rg1 Rd8 32. Rg7+ Rd7 33. Rxd7+
Kxd7 34. Kxd3 h5 35. a4 h4 36. Nf3 Rh1 37. Ke2 h3 0-1

[Event "Ä15Ï"]
[Site "Loo"]
[Date "2017.04.26"]
[Round "7.13"]
[White "Àíäðååâà, Àíàñòàñèÿ."]
[Black "Íèêîëàåâà, Êñåíèÿ."]
[Result "0-1"]
[WhiteElo "1565"]
[BlackElo "1743"]
[PlyCount "146"]
[EventDate "2017.04.20"]

1. d4 d5 2. c4 c6 3. cxd5 cxd5 4. Nc3 Nc6 5. Nf3 Nf6 6. Bf4 a6 7. Rc1 e6 8. Ne5
Bd7 9. e3 Rc8 10. Be2 Be7 11. O-O O-O 12. a3 Na5 13. Na2 b5 14. a4 Rxc1 15.
Qxc1 bxa4 16. Nxd7 Qxd7 17. Bxa6 Ra8 18. Bd3 Rc8 19. Qd2 Nc4 20. Bxc4 Rxc4 21.
Rc1 Ne4 22. Qe2 Rxc1+ 23. Nxc1 Qc6 24. Nd3 h6 25. f3 Nf6 26. Qd2 Nd7 27. Qc1
Qb5 28. Qc3 Nb6 29. Kf2 Nc4 30. e4 dxe4 31. fxe4 Bd6 32. Bxd6 Nxd6 33. Nc5 Nc4
34. Nd3 Nd6 35. Nc5 Qc6 36. Qd3 e5 37. Ke3 Nb5 38. Nxa4 Nxd4 39. Nc3 Qb6 40.
Na4 Qb4 41. Nc3 Qxb2 42. Qd2 Qxd2+ 43. Kxd2 Kh7 44. Ke3 Kg6 45. g3 Kg5 46. h3
h5 47. Nd1 Ne6 48. Nf2 h4 49. g4 Nf4 50. Kf3 f6 51. Ke3 Nxh3 52. Nxh3+ Kxg4 53.
Nf2+ Kg3 54. Ke2 Kg2 55. Nd1 h3 56. Ne3+ Kg1 57. Nf5 h2 58. Nh4 h1=Q 59. Nf3+
Kg2 60. Ne1+ Qxe1+ 61. Kxe1 Kf3 62. Kd2 Kxe4 63. Ke2 g5 64. Kf2 g4 65. Kg3 f5
66. Kf2 f4 67. Kg2 g3 68. Kf1 Kf3 69. Kg1 g2 70. Kh2 Kf2 71. Kh3 g1=Q 72. Kh4
Qg6 73. Kh3 Qg3# 0-1

[Event "Ä15Ï"]
[Site "Loo"]
[Date "2017.04.26"]
[Round "7.14"]
[White "Ãèáàäóëëèíà, Ðàÿíà."]
[Black "Êàìàåâà, Äæàìèëÿ."]
[Result "0-1"]
[WhiteElo "1706"]
[BlackElo "1563"]
[PlyCount "188"]
[EventDate "2017.04.20"]

1. e4 e5 2. Nf3 Nc6 3. Bc4 Nf6 4. d3 Bc5 5. c3 Bb6 6. Nbd2 a5 7. a4 O-O 8. O-O
d6 9. Bb3 Be6 10. Bc2 d5 11. exd5 Nxd5 12. Nc4 f6 13. Nxb6 Nxb6 14. Qe2 Re8 15.
Rd1 Bg4 16. Bb3+ Kh8 17. h3 Bf5 18. Nh4 Be6 19. Bxe6 Rxe6 20. Qg4 Rd6 21. Nf5
Rd7 22. h4 Qe8 23. h5 Rad8 24. h6 g6 25. Ng7 Qe7 26. Qh3 f5 27. b3 e4 28. d4
Ne5 29. Qg3 Nf7 30. Re1 Qf6 31. Bf4 Nd5 32. Bd2 g5 33. Qh3 Nxh6 34. Nh5 Qg6 35.
c4 Nb4 36. Bc3 Kg8 37. Re2 Rf8 38. d5 Rdf7 39. Ng3 Nd3 40. Rd2 Ng4 41. Kf1
Ndxf2 42. Rxf2 Nxf2 43. Kxf2 Qb6+ 44. Ke1 Qxb3 45. Ne2 Qb6 46. Qg3 Qg6 47. Qe5
Rg7 48. Qxg7+ Qxg7 49. Bxg7 Kxg7 50. Nd4 Kg6 51. Rb1 b6 52. Rb3 f4 53. Ke2 g4
54. Ne6 Rf7 55. Rb1 f3+ 56. gxf3 exf3+ 57. Kf2 h5 58. Rh1 Kh6 59. Nd8 Rf4 60.
Ke3 Rxc4 61. Nf7+ Kg7 62. Ne5 Rxa4 63. Rxh5 Ra3+ 64. Nd3 f2 65. Kxf2 Rxd3 66.
Rg5+ Kf6 67. Rxg4 Rxd5 68. Rc4 c5 69. Ke3 Ke6 70. Rh4 Re5+ 71. Kd3 Kd5 72. Kc3
b5 73. Rh8 Re3+ 74. Kd2 Re4 75. Kc3 Re3+ 76. Kd2 Ra3 77. Rh5+ Kc4 78. Rh4+ Kb3
79. Rh5 Kb4 80. Rh4+ c4 81. Kc1 a4 82. Kb2 Rb3+ 83. Ka2 a3 84. Rg4 Rb2+ 85. Ka1
Rh2 86. Rf4 Kb3 87. Rf1 b4 88. Rb1+ Ka4 89. Rc1 Kb5 90. Rg1 b3 91. Rb1 Ka4 92.
Rf1 Kb4 93. Rg1 a2 94. Rf1 Ka3 0-1

[Event "Ä15Ï"]
[Site "Loo"]
[Date "2017.04.26"]
[Round "7.15"]
[White "Ôàéðóçîâà, Çóëüôèÿ."]
[Black "Ìàðêîâà, Àííà."]
[Result "0-1"]
[WhiteElo "1677"]
[BlackElo "1553"]
[PlyCount "140"]
[EventDate "2017.04.20"]

1. d4 d5 2. c4 e6 3. Nc3 Nf6 4. Bg5 Be7 5. e3 Nbd7 6. Nf3 O-O 7. Bd3 dxc4 8.
Bxc4 a6 9. Be2 b5 10. a3 Bb7 11. b4 Nd5 12. Bxe7 Qxe7 13. Nxd5 Bxd5 14. O-O Nf6
15. Ne5 Ne4 16. Rc1 Qg5 17. f4 Qe7 18. Qc2 f6 19. Nf3 c6 20. Bd3 f5 21. Ne5
Rac8 22. Bxe4 Bxe4 23. Qc5 Qxc5 24. Rxc5 Rc7 25. Rfc1 Rfc8 26. Kf2 Kf8 27. h3
Ke8 28. g4 g6 29. Nf3 Bxf3 30. Kxf3 Kd7 31. e4 Rf8 32. gxf5 gxf5 33. Rg1 Kd6
34. e5+ Ke7 35. Rc2 Rf7 36. Rcg2 Rd7 37. Ke3 Ra7 38. Rc1 Kd7 39. Rc3 a5 40.
Rgc2 axb4 41. axb4 Ra6 42. Kf3 Rg7 43. Rb3 Rg1 44. Rbb2 Ra3+ 45. Kf2 Rh1 46.
Kg2 Rhxh3 47. Ra2 Rhb3 48. Kf2 Ra4 49. Rcb2 Rbxb4 50. Rxb4 Rxa2+ 51. Kg3 Ra4
52. Rb2 Rxd4 53. Rh2 Rd3+ 54. Kh4 b4 55. Kg5 c5 56. Rxh7+ Kc6 57. Kf6 b3 58.
Rh2 Kd5 59. Rh8 c4 60. Rd8+ Ke4 61. Rc8 c3 62. Rc4+ Kd5 63. Rb4 c2 64. Rb5+ Ke4
65. Rc5 b2 66. Rxc2 b1=Q 67. Rc4+ Rd4 68. Rc6 Kxf4 69. Rxe6 Qb5 70. Re8 Qxe8
0-1

[Event "Ä15Ï"]
[Site "Loo"]
[Date "2017.04.26"]
[Round "7.16"]
[White "Ãóðîâà, Íàòàëèÿ."]
[Black "Ëèíöîâà, Ëèëèÿ."]
[Result "1/2-1/2"]
[WhiteElo "1644"]
[BlackElo "1524"]
[PlyCount "117"]
[EventDate "2017.04.20"]

1. b4 d5 2. Bb2 Bf5 3. Nf3 e6 4. e3 Nf6 5. a3 c6 6. Be2 Nbd7 7. O-O Bd6 8. d4
O-O 9. c4 h6 10. c5 Bc7 11. Nbd2 Ne4 12. b5 Qf6 13. Nxe4 dxe4 14. Nd2 Rac8 15.
bxc6 bxc6 16. Re1 Nxc5 17. Nc4 Rfd8 18. dxc5 Rxd1 19. Bxf6 Rxe1+ 20. Rxe1 gxf6
21. Rd1 Rb8 22. Rd7 Rb1+ 23. Rd1 Rb5 24. Rd7 Bb8 25. Nd6 Rb1+ 26. Bf1 Bxd6 27.
Rxd6 Bg4 28. Rd2 Rc1 29. h3 Bh5 30. g4 Bg6 31. Rd7 a5 32. Ra7 Rxc5 33. a4 f5
34. Rc7 fxg4 35. hxg4 Rg5 36. Be2 Bf5 37. Rxc6 Bxg4 38. Bxg4 Rxg4+ 39. Kh2 Rg5
40. Rc4 Re5 41. Kg3 Kg7 42. Kf4 f6 43. Rxe4 Rxe4+ 44. Kxe4 Kg6 45. Kf4 Kh5 46.
Kg3 Kg5 47. f3 f5 48. f4+ Kf6 49. Kh4 Kg6 50. Kg3 Kf6 51. Kh4 Kg6 52. Kg3 e5
53. Kh4 h5 54. fxe5 Kf7 55. Kxh5 Ke6 56. Kg5 Kxe5 57. Kg6 Ke4 58. Kf6 Kxe3 59.
Kxf5 1/2-1/2

[Event "Ä15Ï"]
[Site "Loo"]
[Date "2017.04.26"]
[Round "7.17"]
[White "Ìàêàðîâà, Àíàñòàñèÿ."]
[Black "Øóìàêîâà, Ñâåòëàíà."]
[Result "0-1"]
[WhiteElo "1562"]
[BlackElo "1494"]
[PlyCount "142"]
[EventDate "2017.04.20"]

1. d4 d5 2. e3 Nf6 3. f4 g6 4. Bd3 Bg7 5. c3 O-O 6. Nf3 c5 7. O-O b6 8. Nbd2
Ba6 9. Bxa6 Nxa6 10. Qe2 Nc7 11. Ne5 e6 12. Ndf3 Ne4 13. Bd2 Ne8 14. Be1 N8d6
15. Nd2 Nxd2 16. Qxd2 Ne4 17. Qe2 c4 18. Rf3 Qc7 19. Rh3 f5 20. Bh4 Bxe5 21.
dxe5 Rf7 22. g4 Raf8 23. Kh1 Qc6 24. Kg1 b5 25. Bg3 Qb6 26. Re1 a5 27. gxf5
Rxf5 28. Qg4 Nc5 29. Rh6 R8f7 30. Re2 Ne4 31. Kh1 b4 32. cxb4 axb4 33. Be1 c3
34. b3 Qc5 35. Qg2 Nd2 36. Rxd2 cxd2 37. Bxd2 Qa5 38. Be1 Qa3 39. Qd2 Rb7 40.
Qc2 Qa8 41. Qc6 Rff7 42. Qxe6 Rbe7 43. Qd6 d4+ 44. Kg1 Rd7 45. Qxb4 Qe4 46. Qc4
Qxe3+ 47. Bf2 Qxf4 48. Bg3 Qe3+ 49. Kg2 Qxh6 50. e6 Qd2+ 51. Kh3 Qh6+ 52. Kg2
Rde7 53. exf7+ Rxf7 54. Qxd4 Qf8 55. Qd5 Qe8 56. Bf2 Qc8 57. h3 Qc2 58. Qd8+
Kg7 59. Qd4+ Kh6 60. Qh4+ Kg7 61. Qd4+ Kg8 62. Qd8+ Rf8 63. Qd5+ Kg7 64. Qd4+
Rf6 65. Qd7+ Kh6 66. Qa7 Qe4+ 67. Kg1 Rf3 68. Qc5 Rxh3 69. Qf8+ Kh5 70. Qc5+ g5
71. Qc8 Qh1# 0-1

[Event "Ä15Ï"]
[Site "Loo"]
[Date "2017.04.26"]
[Round "7.18"]
[White "Õàðèòîíîâà, Èðèíà."]
[Black "Øàðèêîâà, Àðèíà."]
[Result "1-0"]
[WhiteElo "1476"]
[BlackElo "1560"]
[PlyCount "48"]
[EventDate "2017.04.20"]

1. e4 c5 2. Nf3 e6 3. d4 cxd4 4. Nxd4 Nf6 5. Nc3 Nc6 6. Be2 Bb4 7. O-O Bxc3 8.
bxc3 Nxe4 9. Qd3 Nf6 10. Ba3 d6 11. Qg3 e5 12. Nb5 O-O 13. Bxd6 Re8 14. Rad1
Qa5 15. Nc7 Ne4 16. Qd3 Nxd6 17. Qxd6 Rf8 18. Nxa8 Rd8 19. Qc7 Rxd1 20. Rxd1
Qxc7 21. Nxc7 f6 22. Bc4+ Kf8 23. Ne6+ Kf7 24. Nd8+ Ke8 1-0

[Event "Ä15Ï"]
[Site "Loo"]
[Date "2017.04.26"]
[Round "7.19"]
[White "Ãàðáóçîâñêàÿ, Åëèçàâåòà."]
[Black "Ñêîðîáîãàòîâà, Àíàñòàñèÿ."]
[Result "1/2-1/2"]
[WhiteElo "1445"]
[BlackElo "1547"]
[PlyCount "84"]
[EventDate "2017.04.20"]

1. d4 e6 2. c4 f5 3. Nc3 Nf6 4. Bg5 Be7 5. e3 O-O 6. Nf3 d5 7. cxd5 exd5 8. Bd3
c6 9. O-O Be6 10. Qc2 Ne4 11. Bxe7 Qxe7 12. Nd2 Nd7 13. f3 Nxd2 14. Qxd2 Rae8
15. Rae1 Qf6 16. Bb1 Nb6 17. b3 Qg5 18. Qd3 g6 19. f4 Qf6 20. Rf3 Re7 21. Nd1
Nc8 22. Nf2 Nd6 23. h3 Ne4 24. Kh1 Qh4 25. Qc2 Rfe8 26. Kh2 Bd7 27. g3 Qf6 28.
Nxe4 dxe4 29. Rf2 Rc8 30. Qc5 a6 31. a3 Be6 32. Ba2 Kg7 33. b4 Bxa2 34. Rxa2
Qe6 35. Rd2 Rd7 36. Rc1 Rcd8 37. Qc3 Rd5 38. Qb3 Kf7 39. Qa2 R8d7 40. Qc4 Rd8
41. Qa2 R8d6 42. Qb3 Rd7 1/2-1/2

[Event "Ä15Ï"]
[Site "Loo"]
[Date "2017.04.26"]
[Round "7.20"]
[White "Èâàíîâà, Àíàñòàñèÿ Ñ."]
[Black "Ñóðêîâà, Åêàòåðèíà."]
[Result "0-1"]
[WhiteElo "1538"]
[BlackElo "1428"]
[PlyCount "88"]
[EventDate "2017.04.20"]

1. d4 f5 2. c4 Nf6 3. Nc3 e6 4. g3 d5 5. Bg2 c6 6. cxd5 exd5 7. Nf3 Bd6 8. Bg5
Be6 9. e3 Nbd7 10. O-O O-O 11. a3 Qe8 12. Bxf6 Nxf6 13. Ng5 Bd7 14. Rc1 Ne4 15.
Ngxe4 fxe4 16. Qe2 Qg6 17. Qd1 Qh6 18. Qb3 Qe6 19. Na4 b6 20. Nc3 Bc8 21. Rce1
Ba6 22. Ne2 c5 23. dxc5 bxc5 24. Qc2 Bd3 25. Qd2 Rab8 26. f3 Qe5 27. fxe4 Rxf1+
28. Bxf1 dxe4 29. Nc3 c4 30. Ra1 Rb3 31. Qc1 Bc5 32. Bg2 Qg5 33. Nd1 Be2 34.
Kf2 Bxd1 35. Qxc4+ Kf8 36. Qxe4 Qf6+ 37. Bf3 Bxf3 38. Qc4 Bd5+ 39. Qf4 Bxe3+
40. Ke2 Bxf4 41. gxf4 Qxb2+ 42. Kf1 Qxa1+ 43. Ke2 Qa2+ 44. Kd1 Rb1# 0-1

[Event "Ä15Ï"]
[Site "Loo"]
[Date "2017.04.26"]
[Round "7.21"]
[White "Áåëîâà, Êñåíèÿ."]
[Black "Ìîèñååâà, Ïîëèíà."]
[Result "1-0"]
[WhiteElo "1497"]
[BlackElo "1425"]
[PlyCount "97"]
[EventDate "2017.04.20"]

1. e4 d5 2. exd5 Qxd5 3. Nc3 Qd6 4. Nf3 Nf6 5. Bc4 a6 6. d3 Nc6 7. Ng5 e6 8.
Nce4 Nxe4 9. Nxe4 Qe5 10. O-O Bd7 11. Kh1 O-O-O 12. f4 Qf5 13. a3 Na5 14. Ba2
Bc6 15. Qe2 Bd5 16. Ng3 Qf6 17. c4 Bc6 18. Rb1 Bd7 19. b4 Nc6 20. Be3 Nd4 21.
Qf2 Nf5 22. Ne4 Qg6 23. b5 Nxe3 24. Qxe3 axb5 25. cxb5 b6 26. Rbc1 Kb7 27. Qf3
Kb8 28. Rc3 f5 29. Ng3 Bxb5 30. Rfc1 Bd6 31. Bc4 Qe8 32. a4 Bc6 33. Qf2 Bc5 34.
Qa2 Bd4 35. R3c2 Bxa4 36. Re2 Bd7 37. Nxf5 Bf6 38. Bd5 c6 39. Nd6 Qh5 40. Bxc6
Rc8 41. Qa8+ Kc7 42. Nxc8 Rxc8 43. Bxd7+ Kxd7 44. Qxc8+ Kd6 45. Qc6+ Ke7 46.
Qxe6+ Kf8 47. Rc8+ Bd8 48. Rxd8+ Qe8 49. Rxe8# 1-0